000 00741nam a22002177a 4500
999 _c192553
_d192553
005 20220927105240.0
010 _aB-745699
020 _a9780070264373
_c499.00
037 _bTata McGraw-Hill Publishing Company Limited
082 _a658.87
100 _aLevy, Michael
245 _aRetaling Management/
_cMichael Leay
250 _a6th
260 _aNew Delhi
_bTata McGraw-Hill Publishing Company Limited
_c2010
270 _a7 West Patel Nagar,
_bNew Delhi
_e110008
300 _axxxiii, 776p.
_bill.
_c25cm(pbk)
700 _aWeitz, A. Barton
700 _aPandit, Ajay
942 _2ddc
_cEN
_mLEV
_h658.87